Принцип формирования границ для создания особо охраняемых природных территорий; Проблемы геологии и освоения недр; Т. 1

Detaylı Bibliyografya
Parent link:Проблемы геологии и освоения недр: труды XXII Международного симпозиума имени академика М. А. Усова студентов и молодых ученых, посвященного 155-летию со дня рождения академика В.А. Обручева, 135-летию со дня рождения академика М.А. Усова, основателей Сибирской горно-геологической школы, и 110-летию первого выпуска горных инженеров в Сибири, Томск, 2-7 апреля 2018 г./ Национальный исследовательский Томский политехнический университет, Инженерная школа природных ресурсов ; под ред. А. С. Боева.— , 2018
Т. 1.— 2018.— [С. 661-663]
Yazar: Новикова А. А.
Müşterek Yazar: Национальный исследовательский Томский политехнический университет Инженерная школа природных ресурсов Отделение геологии
Diğer Yazarlar: Бирченко Е. А. (научный руководитель), Берчук В. Ю. Вадим Юрьевич
Özet:Заглавие с экрана
Dil:Rusça
Baskı/Yayın Bilgisi: 2018
Seri Bilgileri:Землеустройство, государственный кадастр недвижимости и вопросы земельно-имущественных отношений
Konular:
Online Erişim:http://earchive.tpu.ru/handle/11683/50511
Materyal Türü: MixedMaterials Elektronik Kitap Bölümü
KOHA link:https://koha.lib.tpu.ru/cgi-bin/koha/opac-detail.pl?biblionumber=627831

MARC

LEADER 00000naa2a2200000 4500
001 627831
005 20231101133500.0
035 |a (RuTPU)RU\TPU\conf\27851 
035 |a RU\TPU\conf\27826 
090 |a 627831 
100 |a 20180928d2018 k y0rusy50 ca 
101 0 |a rus 
102 |a RU 
105 |a y z 100zy 
135 |a drcn ---uucaa 
181 0 |a i  
182 0 |a b 
200 1 |a Принцип формирования границ для создания особо охраняемых природных территорий  |f А. А. Новикова, Е. А. Бирченко  |g науч. рук. В. Ю. Берчук 
203 |a Текст  |c электронный 
225 1 |a Землеустройство, государственный кадастр недвижимости и вопросы земельно-имущественных отношений 
230 |a 1 компьютерный файл (pdf; 1 577 Kb) 
300 |a Заглавие с экрана 
320 |a [Библиогр.: с. 663 (6 назв.)] 
461 1 |0 (RuTPU)RU\TPU\conf\27247  |t Проблемы геологии и освоения недр  |o труды XXII Международного симпозиума имени академика М. А. Усова студентов и молодых ученых, посвященного 155-летию со дня рождения академика В.А. Обручева, 135-летию со дня рождения академика М.А. Усова, основателей Сибирской горно-геологической школы, и 110-летию первого выпуска горных инженеров в Сибири, Томск, 2-7 апреля 2018 г.  |o в 2 т.  |f Национальный исследовательский Томский политехнический университет, Инженерная школа природных ресурсов ; под ред. А. С. Боева  |d 2018 
463 1 |0 (RuTPU)RU\TPU\conf\27248  |t Т. 1  |v [С. 661-663]  |d 2018 
610 1 |a труды учёных ТПУ 
610 1 |a электронный ресурс 
610 1 |a формирование 
610 1 |a границы 
610 1 |a особо охраняемые природные территории 
610 1 |a природные парки 
610 1 |a национальные парки 
610 1 |a заповедники 
700 1 |a Новикова  |b А. А. 
701 1 |a Бирченко  |b Е. А. 
702 1 |a Берчук  |b В. Ю.  |c специалист в области экологии и безопасности жизнедеятельности  |c ассистент кафедры Томского политехнического университета  |f 1981-  |g Вадим Юрьевич  |2 stltpush  |4 727 
712 0 2 |a Национальный исследовательский Томский политехнический университет  |b Инженерная школа природных ресурсов  |b Отделение геологии  |h 8083  |2 stltpush  |3 (RuTPU)RU\TPU\col\23542 
801 2 |a RU  |b 63413507  |c 20181003  |g RCR 
856 4 |u http://earchive.tpu.ru/handle/11683/50511 
942 |c BK